[Event "3. Campeonato de la Unión Europea"]
[Site "Arvier ITA"]
[Date "2007.06.15"]
[Round "1.27"]
[White "Friedrich, Norbert"]
[Black "Brunello, Marina"]
[Result "1-0"]
[WhiteElo "2317"]
[BlackElo "1924"]
[PlyCount "111"]
[EventDate "2007.06.15"]
[EventType "swiss"]
[EventRounds "10"]
[EventCountry "ITA"]
[Source "lmi"]
[SourceDate "2007.06.15"]

1. e4 e5 2. Nf3 Nc6 3. Bb5 a6 4. Ba4 d6 5. Bxc6+ bxc6 6. d4 exd4 7. Nxd4 c5 8.
Ne2 Nf6 9. Nbc3 Bb7 10. Qd3 Be7 11. O-O O-O 12. Ng3 Nd7 13. Nd5 Bxd5 14. Qxd5
Bf6 15. c3 Rb8 16. Nh5 Re8 17. Nxf6+ Nxf6 18. Qc4 Qc8 19. f3 Nd7 20. b3 Ne5 21.
Qe2 a5 22. Bf4 Qd7 23. Qc2 c4 24. Bxe5 Rxe5 25. bxc4 Qc6 26. Rab1 Rxb1 27. Rxb1
g6 28. Qd3 Kg7 29. Rb5 Kf6 30. Qd4 Ke7 31. Rxe5+ dxe5 32. Qxe5+ Kf8 33. Qh8+
Ke7 34. Qe5+ Kf8 35. Qxa5 Qd7 36. Qd5 Qa4 37. h3 c6 38. Qd6+ Kg8 39. a3 Qc2 40.
Qd8+ Kg7 41. Qd4+ Kg8 42. Qd8+ Kg7 43. Qd4+ Kg8 44. Kh2 Qc1 45. Qd8+ Kg7 46.
Qd4+ Kg8 47. Qe5 Qxa3 48. Qe8+ Kg7 49. Qxc6 Qxc3 50. Qc7 h5 51. c5 Qc4 52. Qd6
Qc3 53. c6 Qc4 54. Qe5+ Kh7 55. Qd5 Qc1 56. Qxf7+ 1-0

[Event "3. Campeonato de la Unión Europea"]
[Site "Arvier ITA"]
[Date "2007.06.15"]
[Round "1.29"]
[White "Brancaleoni, Maurizio"]
[Black "Iacchetti, Giovanni"]
[Result "1-0"]
[WhiteElo "2263"]
[BlackElo "1917"]
[PlyCount "49"]
[EventDate "2007.06.15"]
[EventType "swiss"]
[EventRounds "10"]
[EventCountry "ITA"]
[Source "lmi"]
[SourceDate "2007.06.15"]

1. e4 d6 2. d4 Nf6 3. f3 c6 4. c4 g6 5. Bd3 Bg7 6. Ne2 Qb6 7. Nbc3 Nbd7 8. O-O
O-O 9. Kh1 a6 10. Rb1 e5 11. d5 Qc7 12. b4 cxd5 13. cxd5 b5 14. a4 bxa4 15.
Qxa4 Bb7 16. Be3 Nb6 17. Qa5 Nbxd5 18. exd5 Qxa5 19. bxa5 Bxd5 20. Rb6 Rfd8 21.
Bg5 Be6 22. Ne4 Bf5 23. Bxf6 Bxf6 24. Nxf6+ Kg7 25. Bxf5 1-0

[Event "3. Campeonato de la Unión Europea"]
[Site "Arvier ITA"]
[Date "2007.06.15"]
[Round "1.30"]
[White "Testa, Adriano"]
[Black "Tocchioni, Doriano"]
[Result "0-1"]
[WhiteElo "1907"]
[BlackElo "2247"]
[PlyCount "70"]
[EventDate "2007.06.15"]
[EventType "swiss"]
[EventRounds "10"]
[EventCountry "ITA"]
[Source "lmi"]
[SourceDate "2007.06.15"]

1. e4 c6 2. Nf3 d5 3. Nc3 Nf6 4. exd5 cxd5 5. d4 Nc6 6. Bf4 Bg4 7. Be2 e6 8.
O-O Bxf3 9. gxf3 a6 10. Rb1 Nh5 11. Be3 Qh4 12. Kg2 Bd6 13. Rh1 Nf4+ 14. Bxf4
Qxf4 15. Na4 Nxd4 16. Nb6 Rd8 17. c3 Nxe2 18. Qxe2 Bc5 19. Na4 Qxa4 20. b4 Be7
21. Rhg1 Bf6 22. Qd2 Qc6 23. Rbc1 O-O 24. Qf4 Qc4 25. Qe3 Qxa2 26. Kh1 d4 27.
Qf4 Kh8 28. Rg3 Qxf2 29. Rcg1 Qe3 30. Qg4 dxc3 31. h3 c2 32. f4 c1=Q 33. Rxc1
Qxc1+ 34. Rg1 Qc6+ 35. Rg2 Rd2 0-1

[Event "3. Campeonato de la Unión Europea"]
[Site "Arvier ITA"]
[Date "2007.06.15"]
[Round "1.31"]
[White "Schaefer, Michael"]
[Black "Della Penna, Vincenzo"]
[Result "1-0"]
[WhiteElo "2228"]
[BlackElo "1906"]
[PlyCount "53"]
[EventDate "2007.06.15"]
[EventType "swiss"]
[EventRounds "10"]
[EventCountry "ITA"]
[Source "lmi"]
[SourceDate "2007.06.15"]

1. d4 Nf6 2. c4 d6 3. Nc3 g6 4. Nf3 Bg7 5. Bf4 O-O 6. h3 Nh5 7. Bh2 e6 8. e3
Nc6 9. Be2 Nf6 10. O-O Nd7 11. Rc1 Ne7 12. b4 b6 13. c5 e5 14. cxd6 cxd6 15.
Nb5 e4 16. Nd2 d5 17. Bc7 Qe8 18. Nd6 f5 19. Nxe8 Rxe8 20. Bb5 Rf8 21. Bd6 Rf7
22. Rc7 Nf6 23. Bxe7 Bf8 24. Bc6 Rb8 25. Bxf6 Rxf6 26. Bxd5+ Kh8 27. Qa4 1-0

[Event "3. Campeonato de la Unión Europea"]
[Site "Arvier ITA"]
[Date "2007.06.15"]
[Round "1.32"]
[White "Mortola, Alberto"]
[Black "Daulyte, Deimante"]
[Result "0-1"]
[WhiteElo "1905"]
[BlackElo "2224"]
[PlyCount "132"]
[EventDate "2007.06.15"]
[EventType "swiss"]
[EventRounds "10"]
[EventCountry "ITA"]
[Source "lmi"]
[SourceDate "2007.06.15"]

1. e4 c5 2. Nc3 Nc6 3. f4 g6 4. Nf3 Bg7 5. Bc4 e6 6. f5 Nge7 7. fxe6 dxe6 8.
O-O Nd4 9. d3 Nec6 10. Bg5 Qd7 11. Qd2 O-O 12. Nxd4 cxd4 13. Ne2 Ne5 14. Bb3 f6
15. Bh6 Ng4 16. Bxg7 Kxg7 17. Rf3 Qd6 18. Rg3 e5 19. Rf1 Be6 20. Bxe6 Qxe6 21.
c3 dxc3 22. Nxc3 Rac8 23. Nd5 Nh6 24. Rh3 Ng8 25. Qf2 Ne7 26. Qh4 h5 27. Nxe7
Qxe7 28. Rg3 Rh8 29. Rgf3 Rc6 30. Qf2 a6 31. d4 exd4 32. Qxd4 Rd8 33. Qe3 Qe5
34. Rc1 Qxb2 35. Rxc6 Rd1+ 36. Rf1 Rxf1+ 37. Kxf1 Qb5+ 38. Kg1 bxc6 39. Qa7+
Kh6 40. Qe3+ Qg5 41. Qc3 c5 42. Qa3 Qd2 43. Qxa6 Qd4+ 44. Kf1 Kg5 45. Qe6 c4
46. Qd5+ Qxd5 47. exd5 Kf5 48. Ke2 Ke5 49. Kd2 Kxd5 50. Kc3 g5 51. a4 f5 52. a5
f4 53. a6 Kc6 54. Kxc4 g4 55. Kd4 h4 56. Ke4 f3 57. gxf3 g3 58. hxg3 h3 59. g4
h2 60. g5 h1=Q 61. Kf4 Qg2 62. Kf5 Qxf3+ 63. Kg6 Kd6 64. Kg7 Ke7 65. g6 Qf8+
66. Kh7 Kf6 0-1

[Event "3. Campeonato de la Unión Europea"]
[Site "Arvier ITA"]
[Date "2007.06.15"]
[Round "1.35"]
[White "Borosova, Zuzana"]
[Black "Cavatorta, Ivan"]
[Result "1-0"]
[WhiteElo "2206"]
[BlackElo "1878"]
[PlyCount "63"]
[EventDate "2007.06.15"]
[EventType "swiss"]
[EventRounds "10"]
[EventCountry "ITA"]
[Source "lmi"]
[SourceDate "2007.06.15"]

1. e4 e6 2. d4 d5 3. Nc3 Bb4 4. Nge2 dxe4 5. a3 Be7 6. Nxe4 Nc6 7. g3 e5 8. d5
Nd4 9. Bg2 Bg4 10. N4c3 Nf3+ 11. Kf1 Nd4 12. h3 Nxe2 13. hxg4 Nxc3 14. bxc3 Rb8
15. Qe2 Bd6 16. c4 Qe7 17. Bb2 Nf6 18. Re1 Nd7 19. Qd3 Nc5 20. Qe3 f6 21. Bc3
Kd7 22. g5 b6 23. Bh3+ Ke8 24. Bf5 Na4 25. Bxh7 Bc5 26. Qd3 Nxc3 27. Qxc3 Kf7
28. Qd3 Rhd8 29. Bg6+ Kg8 30. Qf3 fxg5 31. Rh8+ Kxh8 32. Qh5+ 1-0

[Event "3. Campeonato de la Unión Europea"]
[Site "Arvier ITA"]
[Date "2007.06.15"]
[Round "1.36"]
[White "Mazzetta, Renato"]
[Black "Bashkite, Viktoria"]
[Result "0-1"]
[WhiteElo "1864"]
[BlackElo "2202"]
[PlyCount "90"]
[EventDate "2007.06.15"]
[EventType "swiss"]
[EventRounds "10"]
[EventCountry "ITA"]
[Source "lmi"]
[SourceDate "2007.06.15"]

1. e4 d6 2. Nc3 Nf6 3. g3 c5 4. Bg2 Nc6 5. d3 g6 6. Nge2 Bg7 7. h3 O-O 8. O-O
e5 9. Be3 Qb6 10. Rb1 Nd4 11. f4 Re8 12. g4 Nxe2+ 13. Nxe2 exf4 14. Nxf4 Qa5
15. g5 Nd7 16. Nd5 Qd8 17. Qd2 Rf8 18. Rf2 b6 19. Nf6+ Kh8 20. Rbf1 Ne5 21. Rf4
Bxf6 22. gxf6 g5 23. Rf5 Bxf5 24. Rxf5 Rg8 25. Bxg5 Qd7 26. Bh6 Rg6 27. Bg7+
Kg8 28. Qf2 Re8 29. Rh5 Rxg7 30. fxg7 Re6 31. Qf5 h6 32. Kh2 Qd8 33. Qf2 Kxg7
34. Rf5 Rg6 35. d4 cxd4 36. Qxd4 Qh4 37. Rf3 Kg8 38. Rc3 Ng4+ 39. Kh1 Kh7 40.
a4 Nf2+ 41. Kh2 Qf4+ 42. Kg1 Nxe4 43. Qe3 Qf5 44. Qf3 Qe6 45. Rc7 Ng5 0-1

[Event "3. Campeonato de la Unión Europea"]
[Site "Arvier ITA"]
[Date "2007.06.15"]
[Round "1.37"]
[White "Maahs, Erich"]
[Black "Squarci, Franco"]
[Result "1-0"]
[WhiteElo "2193"]
[BlackElo "1863"]
[PlyCount "71"]
[EventDate "2007.06.15"]
[EventType "swiss"]
[EventRounds "10"]
[EventCountry "ITA"]
[Source "lmi"]
[SourceDate "2007.06.15"]

1. e4 e6 2. d4 b6 3. Bd3 Nc6 4. c3 Bb7 5. Nf3 Be7 6. O-O h5 7. d5 exd5 8. exd5
Nb8 9. c4 d6 10. Re1 Kf8 11. Nc3 Nd7 12. Bd2 Nc5 13. Bf1 Nh6 14. Nd4 g6 15. b4
Nd7 16. Ne4 Ne5 17. f4 Neg4 18. h3 Nf6 19. Ng5 Qd7 20. Bd3 c6 21. dxc6 Bxc6 22.
Bc3 Re8 23. Qc2 Nf5 24. Nxc6 Qxc6 25. Bxf5 gxf5 26. Qxf5 Rg8 27. Bxf6 Bxf6 28.
Qxf6 Rg7 29. Rxe8+ Qxe8 30. Qxd6+ Kg8 31. Kh2 Rg6 32. Qc7 Rc6 33. Qxa7 Rxc4 34.
Re1 Qf8 35. Qd7 Kg7 36. Ne6+ 1-0

[Event "3. Campeonato de la Unión Europea"]
[Site "Arvier ITA"]
[Date "2007.06.15"]
[Round "1.38"]
[White "Renzini, Lorenzo"]
[Black "Makka, Ioulia"]
[Result "0-1"]
[WhiteElo "1839"]
[BlackElo "2185"]
[PlyCount "76"]
[EventDate "2007.06.15"]
[EventType "swiss"]
[EventRounds "10"]
[EventCountry "ITA"]
[Source "lmi"]
[SourceDate "2007.06.15"]

1. c4 e5 2. Nc3 Nc6 3. g3 d6 4. Bg2 Nge7 5. Nf3 g6 6. O-O Bg7 7. d3 O-O 8. Rb1
a5 9. a3 h6 10. b4 axb4 11. axb4 Nd4 12. Bb2 c6 13. Nxd4 exd4 14. Ne4 d5 15.
Nc5 Qd6 16. Ra1 Bf5 17. Qd2 b6 18. Nb3 dxc4 19. dxc4 Rxa1 20. Bxa1 Rd8 21. c5
bxc5 22. Nxc5 Qb8 23. Rd1 Nd5 24. Nd3 Nc3 25. Rc1 Qb5 26. Nf4 Rc8 27. Nd3 Nxe2+
28. Qxe2 Bxd3 29. Qe7 Bc4 30. Bh3 Rb8 31. Qd6 Bd5 32. Rb1 Re8 33. Bf1 Qa4 34.
Qd7 Qa8 35. Bg2 Bxg2 36. Kxg2 c5+ 37. Kg1 cxb4 38. Bxd4 Rd8 0-1

[Event "3. Campeonato de la Unión Europea"]
[Site "Arvier ITA"]
[Date "2007.06.15"]
[Round "1.39"]
[White "Ocantos, Manuel"]
[Black "Fox, Pierre"]
[Result "1-0"]
[WhiteElo "2178"]
[BlackElo "1832"]
[PlyCount "97"]
[EventDate "2007.06.15"]
[EventType "swiss"]
[EventRounds "10"]
[EventCountry "ITA"]
[Source "lmi"]
[SourceDate "2007.06.15"]

1. d4 d5 2. Nf3 Nf6 3. c4 dxc4 4. e3 Bg4 5. Bxc4 e6 6. Nc3 Nc6 7. h3 Bh5 8. g4
Bg6 9. Nh4 Be4 10. f3 Bd5 11. Nxd5 Nxd5 12. Ng2 Bb4+ 13. Kf2 Qd7 14. a3 Be7 15.
b4 Nb6 16. Bb3 Bf6 17. Bb2 O-O-O 18. f4 g5 19. Qf3 gxf4 20. Nxf4 Bh4+ 21. Kg2
Ne5 22. Qe2 Ng6 23. Nd3 Qc6+ 24. Qf3 Qxf3+ 25. Kxf3 Rhf8 26. Rhf1 Nd5 27. Ke2
f5 28. Nc5 Rd6 29. Nxe6 Rxe6 30. Bxd5 Rd6 31. Bb3 f4 32. e4 Bg5 33. e5 Rdd8 34.
Be6+ Kb8 35. Bf5 Ne7 36. Be4 Nd5 37. Bxd5 Rxd5 38. Kd3 Kc8 39. Ke4 c6 40. Rad1
Kd7 41. Bc1 Ke6 42. Bxf4 Rxf4+ 43. Rxf4 Bxf4 44. Kxf4 h6 45. Ke4 a5 46. Kd3
axb4 47. axb4 b6 48. Kc4 Rd8 49. Rf1 1-0

[Event "3. Campeonato de la Unión Europea"]
[Site "Arvier ITA"]
[Date "2007.06.15"]
[Round "1.40"]
[White "Garofalo, Sergio"]
[Black "Cazzaniga, Walter"]
[Result "0-1"]
[WhiteElo "1812"]
[BlackElo "2174"]
[PlyCount "76"]
[EventDate "2007.06.15"]
[EventType "swiss"]
[EventRounds "10"]
[EventCountry "ITA"]
[Source "lmi"]
[SourceDate "2007.06.15"]

1. d4 Nf6 2. Nf3 g6 3. g3 Bg7 4. Bg2 O-O 5. O-O d6 6. c4 c6 7. Nc3 Nbd7 8. h3
e5 9. d5 cxd5 10. cxd5 Ne8 11. Bd2 a6 12. Qc1 b5 13. Bh6 b4 14. Bxg7 Kxg7 15.
Na4 Bb7 16. e4 Nef6 17. Nh4 h6 18. Qd2 a5 19. Rfe1 Ba6 20. f4 exf4 21. Qxf4 Ne5
22. Bf1 Nh5 23. Qe3 Bxf1 24. Rxf1 Qg5 25. Rae1 Nxg3 26. Qxg5 hxg5 27. Nf3 Nxf1
28. Nxe5 Nd2 29. Nc6 Nf3+ 30. Kf2 Nxe1 31. Kxe1 Rh8 32. Nb6 Rae8 33. e5 dxe5
34. d6 Kf6 35. d7 Rd8 36. Nxd8 Rxd8 37. Ke2 Ke6 38. Ke3 Rxd7 0-1

[Event "3. Campeonato de la Unión Europea"]
[Site "Arvier ITA"]
[Date "2007.06.15"]
[Round "1.41"]
[White "Agrest, Roman"]
[Black "Di Cio, Enrico"]
[Result "0-1"]
[WhiteElo "2161"]
[BlackElo "1776"]
[PlyCount "80"]
[EventDate "2007.06.15"]
[EventType "swiss"]
[EventRounds "10"]
[EventCountry "ITA"]
[Source "lmi"]
[SourceDate "2007.06.15"]

1. b4 e5 2. Bb2 Nf6 3. b5 d6 4. e3 Be7 5. Nf3 a6 6. c4 O-O 7. d4 e4 8. Nfd2
axb5 9. cxb5 d5 10. Be2 Be6 11. a4 c6 12. Nc3 Nbd7 13. O-O Qc7 14. Qc2 Rfc8 15.
Rfc1 c5 16. dxc5 Nxc5 17. Bf1 Ng4 18. g3 Ne5 19. Na2 Qd6 20. Ba3 Qd7 21. Bxc5
Bxc5 22. Nc3 Bb4 23. Qb2 Ba5 24. Nb3 Nf3+ 25. Kh1 Bh3 26. Bg2 Bxg2+ 27. Kxg2
Ne1+ 28. Kf1 Nd3 29. Qd2 Nxc1 30. Nxa5 Nd3 31. Nb3 Rc4 32. Nd4 Rac8 33. Nce2
Qh3+ 34. Kg1 Ne5 35. f4 exf3 36. Nf4 Qd7 37. a5 g5 38. Nh5 Qh3 39. Nf6+ Kg7 40.
Nxd5 Rc1+ 0-1

[Event "3. Campeonato de la Unión Europea"]
[Site "Arvier ITA"]
[Date "2007.06.15"]
[Round "1.43"]
[White "Pace, Colin"]
[Black "Varinelli, Sara"]
[Result "1-0"]
[WhiteElo "2146"]
[BlackElo "1694"]
[PlyCount "109"]
[EventDate "2007.06.15"]
[EventType "swiss"]
[EventRounds "10"]
[EventCountry "ITA"]
[Source "lmi"]
[SourceDate "2007.06.15"]

1. e4 e5 2. Nf3 d6 3. d4 exd4 4. Nxd4 Nf6 5. Nc3 Be7 6. Bc4 O-O 7. O-O Nc6 8.
f4 Nxd4 9. Qxd4 Be6 10. Be2 Bg4 11. Bd3 Be6 12. Qf2 d5 13. e5 Ng4 14. Qe1 Bc5+
15. Kh1 f5 16. h3 Nh6 17. Ne2 Kh8 18. c3 Qd7 19. Nd4 Rg8 20. Be3 Be7 21. Nf3
Nf7 22. Qd2 Qd8 23. Nd4 Qd7 24. Nf3 Qd8 25. Rae1 a6 26. Nd4 Qd7 27. Qc2 Nh6 28.
b4 Raf8 29. Rd1 g5 30. fxg5 Bxg5 31. Bf4 Rf7 32. Rd2 Rfg7 33. Rf3 c6 34. Rdf2
Qc8 35. Bxg5 Rxg5 36. Nxf5 Nxf5 37. Bxf5 Bxf5 38. Rxf5 Qe6 39. Rf7 R5g7 40.
Rxg7 Rxg7 41. Rf5 Rg3 42. Rh5 Qf7 43. Qe2 Rxc3 44. e6 Rc1+ 45. Kh2 Qf4+ 46. g3
Qd4 47. Qe5+ Qxe5 48. Rxe5 Rc2+ 49. Kg1 Rc1+ 50. Kf2 Rc2+ 51. Kf3 Rc3+ 52. Kf4
Rc4+ 53. Kf5 Re4 54. e7 Rxe5+ 55. Kxe5 1-0

[Event "3. Campeonato de la Unión Europea"]
[Site "Arvier ITA"]
[Date "2007.06.15"]
[Round "1.44"]
[White "Russo, Carmelo"]
[Black "Calandri, Fausto"]
[Result "0-1"]
[WhiteElo "1665"]
[BlackElo "2144"]
[PlyCount "102"]
[EventDate "2007.06.15"]
[EventType "swiss"]
[EventRounds "10"]
[EventCountry "ITA"]
[Source "lmi"]
[SourceDate "2007.06.15"]

1. d4 e6 2. Nf3 Nf6 3. g3 b6 4. Bg2 Bb7 5. O-O Be7 6. c4 O-O 7. Nbd2 c5 8. e3
cxd4 9. exd4 d5 10. b3 Nc6 11. Bb2 Rc8 12. Qe2 Qd6 13. a3 Rfd8 14. cxd5 Nxd5
15. Rac1 Qb8 16. b4 Qa8 17. Rfd1 g6 18. Ne4 Bf8 19. h4 Bg7 20. h5 Qb8 21. hxg6
hxg6 22. Nfg5 Bh6 23. Qf3 f5 24. b5 Nce7 25. Rxc8 Qxc8 26. Bc1 Rf8 27. Bh3 fxe4
28. Bxe6+ Qxe6 29. Qxf8+ Bxf8 30. Nxe6 Bc8 31. Nxf8 Kxf8 32. Bb2 Bg4 33. Rc1
Ke8 34. Re1 Bf3 35. Ra1 Kd7 36. a4 g5 37. a5 g4 38. axb6 axb6 39. Kf1 Nc7 40.
Ra7 Ned5 41. Ba3 Nc3 42. Bf8 N3xb5 43. Ra4 Nc3 44. Rb4 b5 45. Bg7 N3d5 46. Rb2
Kc6 47. Bf8 Ne6 48. Rc2+ Kb6 49. Bc5+ Nxc5 50. dxc5+ Kc6 51. Ke1 e3 0-1

[Event "3. Campeonato de la Unión Europea"]
[Site "Arvier ITA"]
[Date "2007.06.15"]
[Round "1.48"]
[White "Bogatto, Mario"]
[Black "Sorcinelli, Francesco"]
[Result "0-1"]
[WhiteElo "1528"]
[BlackElo "2131"]
[PlyCount "73"]
[EventDate "2007.06.15"]
[EventType "swiss"]
[EventRounds "10"]
[EventCountry "ITA"]
[Source "lmi"]
[SourceDate "2007.06.15"]

1. c4 g6 2. Nc3 Bg7 3. Nf3 d6 4. d4 Nf6 5. h3 O-O 6. e4 c5 7. d5 b5 8. cxb5 a6
9. bxa6 Qa5 10. Bd2 Bxa6 11. Na4 Qc7 12. Bxa6 Nxa6 13. Nc3 Rfb8 14. Rb1 Nb4 15.
O-O Nxa2 16. Re1 Nb4 17. Re3 Nd7 18. Ne2 Rb7 19. Rb3 Rab8 20. Bxb4 Rxb4 21.
Rxb4 Rxb4 22. Nc3 Qb7 23. Qc2 Bxc3 24. Qxc3 Rxe4 25. Qd3 Rb4 26. Qd2 Nf6 27.
Rd1 Rxb2 28. Qd3 Qb3 29. Ne1 Qxd3 30. Rxd3 Rb1 31. Kf1 c4 32. Rd4 c3 33. Ke2
Rb5 34. Kd3 Nxd5 35. Nc2 Kg7 36. f4 e5 37. g3 0-1

[Event "3. Campeonato de la Unión Europea"]
[Site "Arvier ITA"]
[Date "2007.06.15"]
[Round "1.53"]
[White "Bonugli, Carlo"]
[Black "Zaccaria, Sonia"]
[Result "1-0"]
[WhiteElo "2091"]
[BlackElo "1377"]
[PlyCount "83"]
[EventDate "2007.06.15"]
[EventType "swiss"]
[EventRounds "10"]
[EventCountry "ITA"]
[Source "lmi"]
[SourceDate "2007.06.15"]

1. e4 e5 2. Bc4 Nc6 3. Nc3 Nf6 4. d3 h6 5. Nf3 Bc5 6. O-O d6 7. h3 O-O 8. Be3
Bb6 9. Qd2 Be6 10. Nd5 Ne7 11. Nxf6+ gxf6 12. Bxh6 Qd7 13. Bxf8 Rxf8 14. Bxe6
Qxe6 15. Qh6 Ng6 16. Nh4 Nxh4 17. Qxh4 Qe7 18. Kh2 Kg7 19. Qg4+ Kh8 20. f4 Rg8
21. Qh4+ Kg7 22. Rf3 Kf8 23. Raf1 Qe6 24. fxe5 Qxe5+ 25. Kh1 Rg6 26. Rxf6 Rxf6
27. Qxf6 Qh5 28. c3 Be3 29. Qd8+ Kg7 30. Qxc7 b5 31. Qxd6 Qe2 32. Qf6+ Kh7 33.
Qxf7+ Kh8 34. Qf8+ Kh7 35. Rf7+ Kg6 36. Qg8+ Kh5 37. Rh7+ Bh6 38. Qd5+ Kh4 39.
Rxh6+ Kg3 40. Qg5+ Kf2 41. Rf6+ Ke1 42. Qc1+ 1-0

[Event "3. Campeonato de la Unión Europea"]
[Site "Arvier ITA"]
[Date "2007.06.15"]
[Round "1.54"]
[White "Agrest, Anton"]
[Black "Almond, Richard"]
[Result "0-1"]
[WhiteElo "1350"]
[BlackElo "2088"]
[PlyCount "92"]
[EventDate "2007.06.15"]
[EventType "swiss"]
[EventRounds "10"]
[EventCountry "ITA"]
[Source "lmi"]
[SourceDate "2007.06.15"]

1. b4 e5 2. Bb2 f6 3. e4 Bxb4 4. Bc4 Ne7 5. Qh5+ Ng6 6. Nf3 Nc6 7. Nc3 Nce7 8.
Nh4 c6 9. Bb3 d5 10. exd5 Bxc3 11. Bxc3 cxd5 12. Bb4 O-O 13. Nxg6 hxg6 14. Qf3
Be6 15. Rb1 Rf7 16. h4 Nc6 17. Bc5 b6 18. Ba3 Rc8 19. h5 g5 20. h6 Nd4 21. Qd3
Bf5 22. Qg3 Nxc2+ 23. Bxc2 Rxc2 24. Rc1 Qc8 25. Rxc2 Qxc2 26. Qb3 Qb1+ 27. Qxb1
Bxb1 28. Ke2 Bxa2 29. d3 d4 30. Bd6 Bd5 31. f3 gxh6 32. Rxh6 Kg7 33. Rh1 Rd7
34. Ba3 Rc7 35. Kd2 a5 36. Rb1 Rb7 37. Bd6 b5 38. Ra1 a4 39. Bb4 Rc7 40. Rh1
Bb3 41. Rc1 Rxc1 42. Kxc1 Kf7 43. g4 Bd5 44. Kb2 Bxf3 45. Bd2 Bxg4 46. Ka3 Be2
0-1

[Event "3. Campeonato de la Unión Europea"]
[Site "Arvier ITA"]
[Date "2007.06.15"]
[Round "1.56"]
[White "Borgo, Giulio"]
[Black "Stojanovic, Vojislav"]
[Result "1-0"]
[WhiteElo "2418"]
[BlackElo "1911"]
[PlyCount "97"]
[EventDate "2007.06.15"]
[EventType "swiss"]
[EventRounds "10"]
[EventCountry "ITA"]
[Source "lmi"]
[SourceDate "2007.06.15"]

1. e4 e5 2. Nf3 Nf6 3. Nc3 d6 4. d4 exd4 5. Nxd4 Nc6 6. Be2 Be7 7. O-O Nxd4 8.
Qxd4 O-O 9. Bf4 Ng4 10. Nd5 Bf6 11. Nxf6+ Qxf6 12. Qxf6 Nxf6 13. f3 Be6 14.
Rfd1 Rac8 15. Rd4 Nd7 16. g4 f6 17. h4 Ne5 18. Kf2 Rf7 19. Kg3 h6 20. h5 Rd7
21. Rad1 Rcd8 22. Ra4 a6 23. c4 Kf8 24. Rc1 c6 25. Ra5 Nf7 26. Rc3 c5 27. Rc1
Ne5 28. Ra3 Ke7 29. Rac3 Rc7 30. Be3 Bd7 31. f4 Nf7 32. Bd2 Bc6 33. Re3 b6 34.
Bc3 Kf8 35. Bf3 Re7 36. Rce1 Rde8 37. b4 Ba8 38. bxc5 bxc5 39. Ba5 Bc6 40. R1e2
Ba8 41. Kf2 Bc6 42. Ke1 d5 43. cxd5 Bxd5 44. Bb6 Bc4 45. Rc2 Rb7 46. Bxc5+ Kg8
47. Rxc4 Rc7 48. Rec3 Rec8 49. Be2 1-0

[Event "3. Campeonato de la Unión Europea"]
[Site "Arvier ITA"]
[Date "2007.06.16"]
[Round "2.1"]
[White "Brancaleoni, Maurizio"]
[Black "Luther, Thomas"]
[Result "1/2-1/2"]
[WhiteElo "2263"]
[BlackElo "2586"]
[PlyCount "96"]
[EventDate "2007.06.15"]
[EventType "swiss"]
[EventRounds "10"]
[EventCountry "ITA"]
[Source "lmi"]
[SourceDate "2007.06.15"]

1. Nf3 d5 2. c4 d4 3. b4 g6 4. Bb2 Bg7 5. e4 e5 6. a4 Ne7 7. d3 a5 8. b5 c5 9.
Nbd2 Nd7 10. g3 Nf8 11. h4 h5 12. Qe2 f6 13. Bc1 Bh6 14. Nb3 Bxc1 15. Rxc1 b6
16. Nbd2 Qd6 17. Bh3 Bxh3 18. Rxh3 Ne6 19. Kd1 O-O-O 20. Kc2 Ng8 21. Rhh1 Nh6
22. Rcf1 Kb8 23. Kb3 Rde8 24. Re1 Nf7 25. Ng1 Ka7 26. Nh3 Nh6 27. Nf3 Qd7 28.
Ref1 Nc7 29. Nd2 Ng4 30. Re1 Rhf8 31. f3 Ne3 32. Nf1 f5 33. Nxe3 dxe3 34. Qxe3
Ne6 35. Ka2 Nd4 36. Ref1 Nc2 37. Qe2 Nb4+ 38. Kb3 Qxd3+ 39. Qxd3 Nxd3 40. Ng5
Re7 41. Kc3 Rd8 42. Rd1 Red7 43. Rh2 Rd4 44. Ne6 Nf2 45. Rxf2 Rxd1 46. Nxd8
Rxd8 47. Re2 Rc8 48. Rd2 fxe4 1/2-1/2

[Event "3. Campeonato de la Unión Europea"]
[Site "Arvier ITA"]
[Date "2007.06.16"]
[Round "2.2"]
[White "Sedlak, Nikola"]
[Black "Schaefer, Michael"]
[Result "1-0"]
[WhiteElo "2575"]
[BlackElo "2228"]
[PlyCount "43"]
[EventDate "2007.06.15"]
[EventType "swiss"]
[EventRounds "10"]
[EventCountry "ITA"]
[Source "lmi"]
[SourceDate "2007.06.15"]

1. e4 d6 2. d4 Nf6 3. Nf3 e5 4. Bc4 Be7 5. O-O O-O 6. Re1 c6 7. a4 b6 8. Ba2 a6
9. Bg5 Nbd7 10. Nc3 Re8 11. dxe5 dxe5 12. Qe2 Qc7 13. Qc4 Rf8 14. Nd5 Nxd5 15.
exd5 Bxg5 16. Nxg5 Nc5 17. d6 Qxd6 18. Nxf7 Qf6 19. Nxe5+ Be6 20. Ng4 Qxb2 21.
Rxe6 Qxa1+ 22. Re1+ 1-0

[Event "3. Campeonato de la Unión Europea"]
[Site "Arvier ITA"]
[Date "2007.06.16"]
[Round "2.3"]
[White "Tocchioni, Doriano"]
[Black "Agrest, Evgenij"]
[Result "0-1"]
[WhiteElo "2247"]
[BlackElo "2561"]
[PlyCount "80"]
[EventDate "2007.06.15"]
[EventType "swiss"]
[EventRounds "10"]
[EventCountry "ITA"]
[Source "lmi"]
[SourceDate "2007.06.15"]

1. d4 d6 2. e4 Nf6 3. Nc3 g6 4. f3 a6 5. Be3 b5 6. Qd2 Bb7 7. Nh3 Nbd7 8. Nf2
Qc8 9. Be2 Bg7 10. g4 Nb6 11. Bh6 Bxh6 12. Qxh6 c5 13. d5 Qc7 14. O-O O-O-O 15.
a4 b4 16. a5 Nbd7 17. Ncd1 e6 18. dxe6 fxe6 19. c3 b3 20. Ne3 Ne5 21. Qh3 g5
22. Nc4 Ng6 23. Nb6+ Kb8 24. Qh6 Nf4 25. Bd1 Rhg8 26. Qxf6 Rg6 27. Qxd8+ Qxd8
28. Bxb3 Qc7 29. Rad1 Rh6 30. Rfe1 Ka7 31. Rd2 Ng6 32. Nd3 Nh4 33. Bd1 c4 34.
Nb4 Qc5+ 35. Kh1 Ng6 36. Ree2 Ne5 37. Rf2 Qe3 38. Nc2 Qf4 39. Nb4 Rh3 40. Rxd6
Nxg4 0-1

[Event "3. Campeonato de la Unión Europea"]
[Site "Arvier ITA"]
[Date "2007.06.16"]
[Round "2.4"]
[White "Godena, Michele"]
[Black "Rombaldoni, Axel"]
[Result "1-0"]
[WhiteElo "2558"]
[BlackElo "2221"]
[PlyCount "91"]
[EventDate "2007.06.15"]
[EventType "swiss"]
[EventRounds "10"]
[EventCountry "ITA"]
[Source "lmi"]
[SourceDate "2007.06.15"]

1. e4 c5 2. c3 Nf6 3. e5 Nd5 4. Bc4 Nb6 5. Bb3 Nc6 6. Nf3 d5 7. exd6 Qxd6 8.
Na3 Be6 9. d4 Bxb3 10. Qxb3 cxd4 11. Nb5 Qb8 12. g3 e5 13. Ng5 Nd8 14. cxd4 Be7
15. O-O O-O 16. Nf3 a6 17. Nc3 exd4 18. Nxd4 Bc5 19. Be3 Nd7 20. Qd5 Qd6 21.
Qxd6 Bxd6 22. Rad1 Bc5 23. Nf5 Bxe3 24. Rxd7 Ba7 25. Nd5 Rb8 26. Rc1 g6 27.
Nf6+ Kh8 28. Nd6 Bd4 29. Nfe4 Bxb2 30. Rcc7 Kg7 31. Nxb7 Be5 32. Nbd6 Rb2 33.
Ng5 Bxd6 34. Rxd6 Rb5 35. h4 h6 36. Nf3 Ra5 37. Nd4 Kg8 38. Rcd7 Ne6 39. Nxe6
fxe6 40. Rxe6 Rxa2 41. Rxg6+ Kh8 42. Rxh6+ Kg8 43. Rg6+ Kh8 44. Kg2 Raxf2+ 45.
Kh3 Ra8 46. Kg4 1-0